000 01522cam a2200361 a 4500
001 EDZ0000019077
003 StDuBDS
005 20161031105131.0
006 m||||||||d||||||||
007 cr |||||||||||
008 110107s2005 enka fo 001|0|eng d
020 _a9781848608177 (ebook) :
_cNo price
040 _aStDuBDS
_beng
_cStDuBDS
_epn
049 _aAlfaisal Main Library
050 4 _aBF201
082 0 4 _a153
_222
245 0 0 _aHandbook of cognition
_h[electronic resource] /
_cedited by Koen Lamberts and Robert L. Goldstone.
260 _aLondon ;
_aThousand Oaks, [Calif.] :
_bSAGE,
_c2005.
300 _a1 online resource (xx, 455 p.) :
_bill.
520 8 _aCoherent, authoritative and international, this handbook covers cognitive psychology and cognitive science. It contains contributions from world-leading scholars and looks at both traditional aspects of cognitive psychology such as memory and attention, as well as newer areas such as compuational and mathematical modeling.
521 _aSpecialized.
588 _aDescription based on print version record.
504 _aIncludes bibliographical references and index.
650 0 _aCognitive psychology.
650 0 _aCognition.
655 7 _aElectronic books.
_2local
700 1 _aLamberts, Koen.
700 1 _aGoldstone, Robert.
710 2 _aSage eBooks
776 0 8 _iPrint version :
_z9780761972778
856 4 0 _uhttp://ezproxy.alfaisal.edu/login?url=http://sk.sagepub.com/reference/hdbk_cognition
942 _2lcc
_cEBOOKS
999 _c480044
_d480044